| 000 | 00975cam a22003017a 4500 | ||
|---|---|---|---|
| 003 | CHAP | ||
| 005 | 20220329141441.0 | ||
| 008 | 971013s1984 r 00010 d | ||
| 010 | _a68340 | ||
| 011 | _a69312 | ||
| 035 | _a78788 | ||
| 040 | _cCHAP | ||
| 090 | _aFolleto 10542 | ||
| 100 | 0 | 0 |
_aLlorente B., Jorge E. _967288 |
| 245 | 1 | 4 |
_aLas colecciones zoológicas de la Facultad de Ciencias _b: acervo del Museo de Zoología "Alfonso L. Herrera" |
| 260 |
_aMéxico, D. F. : _bUNAM, _c1984 |
||
| 300 |
_a48 p. _b: ilus.; gráfs. |
||
| 500 | _a27-225 | ||
| 590 |
_aBATCH-UPD _b10 _c20130110 _lUCH01 _h0607 |
||
| 590 |
_aBATCH-UPD _b10 _c20130410 _lUCH01 _h0249 |
||
| 590 |
_aBATCH-UPD _b10 _c20130914 _lUCH01 _h0334 |
||
| 590 |
_aCONVERSION _b10 _c20130109 _lUCH01 _h1338 |
||
| 650 | 1 | 4 |
_aAnimales _xCatálogos y colecciones. _95856 |
| 650 | 1 | 4 |
_aZoología _xClasificación. _9124164 |
| 901 | _aBK | ||
| 942 | _cFOLL | ||
| 949 |
_aFolleto 10542 _bBC _cFOLL _d-31663 _eTS1 _i78788 _si |
||
| 999 |
_c68340 _d68340 |
||